| 000 | 00926cab a2200265 4500 | ||
|---|---|---|---|
| 001 | WB3111-31 | ||
| 008 | 090401t1995 xxu||||| |||| 00| 0 eng d | ||
| 035 | _a(Sirsi) u29261 | ||
| 041 | _aeng | ||
| 245 | _aPrisoner can be `in occupation` | ||
| 260 | _c1995 | ||
| 350 | _a0 | ||
| 490 |
_aScotsman _v15 March 1995, 14(1) |
||
| 520 | _a"Beggs v Kilmarnock and Loudoun DC" Court of Session 24 February 1995. A tenant under a secure tenancy can be in occupation of a house under Housing (Scotland) Act 1987 s61(2)(c), although he has been sentenced to a period of imprisonment. | ||
| 650 | _aBEGGS V KILMARNOCK AND LOUDOUN DC | ||
| 650 | _aHOUSING (SCOTLAND) ACT 1987 S61 | ||
| 650 | _aIMPRISONMENT | ||
| 650 | _aIN OCCUPATION | ||
| 650 | _aPOSSESSION | ||
| 650 | _aPRISONERS | ||
| 650 | _aSECURE TENANCIES | ||
| 690 | _aLANDLORD AND TENANT-CASE LAW-RESIDENTIAL TENANCIES | ||
| 942 | _n0 | ||
| 948 | _c04/03/1997 | ||
| 999 |
_c19704 _d19704 |
||